Oeuvres complètes

Αποθηκεύτηκε σε:
Λεπτομέρειες βιβλιογραφικής εγγραφής
Κύριοι συγγραφείς: Suetonio, Cayo Tranquilo (Συγγραφέας), Eutropio (Συγγραφέας), Sexto Rufus (Συγγραφέας)
Μορφή: Βιβλίο
Γλώσσα:Λατινικά
Γαλλικά
Έκδοση: París Chez Firmin Didot Frères, Fils et Cie 1876
Έκδοση:1a. ed
Σειρά:Collection des Auteurs Latins, XXII
Θέματα:
Ετικέτες: Προσθήκη ετικέτας
Δεν υπάρχουν, Καταχωρήστε ετικέτα πρώτοι!

MARC

LEADER 00000nam a2200000 a 4500
001 UCJ8517
003 CL-VaPUC
008 070124e18760000FR |||||||||||||||||lat|d
041 0 7 |a lat  |2 CL-VaPUC 
041 0 7 |a fre  |2 CL-VaPUC 
082 0 4 |a 870  |b SUE  |2 21 
100 0 |a Suetonio, Cayo Tranquilo  |e author  |9 517301 
700 0 |a Eutropio  |e author  |9 517302 
700 0 |a Sexto Rufus  |e author  |9 517303 
245 1 0 |a Oeuvres complètes 
250 |a 1a. ed 
300 |a 907 p 
942 |c BK 
945 |d 20070124 00:00:00  |a rinostro 
260 |a París  |b Chez Firmin Didot Frères, Fils et Cie  |c 1876 
500 |a Ex libris de Blanca Vergara Errázuriz, descendiente directa de los fundadores de la ciudad de Viña del Mar 
600 0 7 |a VERGARA ERRAZURIZ, BLANCA  |2 CL-VaPUC  |9 517304 
650 7 |a CLASICOS LATINOS  |2 CL-VaPUC  |9 505304 
650 0 |a Literatura latina   |9 258055 
650 0 |a Historiografía   |9 257871 
650 7 |a BIOGRAFIA  |2 CL-VaPUC  |9 504622 
650 7 |a EX LIBRIS  |2 CL-VaPUC  |9 505186 
583 |a last modification  |c 20190801 09:40:49  |k Rodrigo Vera 
490 0 |a Collection des Auteurs Latins, XXII 
999 |c 324202  |d 324200 
952 |0 0  |1 0  |4 0  |6 870_000000000000000_SUE_1876  |7 0  |8 X  |9 404170  |a FDOBUD  |b FDOBUD  |d 2019-11-22  |i 1079115  |o 870 SUE 1876  |p 1079115  |r 2019-11-22  |w 2019-11-22  |y BK_X  |k BUD